| 000 | 06793cam a22019094i 4500 | ||
|---|---|---|---|
| 003 | PE-LiUPU | ||
| 005 | 20250813165404.0 | ||
| 008 | 160927s2015 sp a rb 001 0 spa d | ||
| 020 | _a849728468 | ||
| 020 | _a9788497285469 | ||
| 035 | _a(Sirsi) a163812 | ||
| 049 | _aPRUA | ||
| 082 | 0 | 4 |
_a624.171 _bH49 _220 |
| 100 | 1 |
_aHeyman, Jacques, _eautor. |
|
| 245 | 1 | 0 |
_aTeoría, historia y restauración de estructuras de fábrica : _bcolección de ensayos / _cJacques Heyman ; edición a cargo de Santiago Huerta Fernández. |
| 264 | 1 |
_aMadrid : _bInstituto Juan de Herrera, _c2015. |
|
| 300 |
_a2 volumenes : _bilustraciones ; _c24 centímetros. |
||
| 336 |
_atext _2rdacontent |
||
| 337 |
_aunmediated _2rdamedia |
||
| 338 |
_avolume _2rdacarrier |
||
| 490 | 0 | _aTextos sobre teoría e historia de las construcciones | |
| 504 | _aIncluye bibliografía. | ||
| 504 | _aIncluye índice. | ||
| 505 | 0 |
_aVolumen I. _tTeoría, historia y restauración de estructuras de fábrica. _aEl esqueleto de piedra -- Soluciones de cáscaras para cópulas de fábrica -- Agujas y bóvedas de abanico -- La seguridad de los arcos de fábrica -- La catedral de Beauvais -- Construción gótica en la antigua Grecia -- El puente del Clare College (con C.J.Padfield) -- El puente de Telford en over (con B.D.Threlfall) -- El esfuerzo de la torre occidental de la catedral de Ely -- Las memorias de ingeniería de Couplet, 1726-33 -- Fuerza de inercia debidas al repique de las campanas -- La techumbre de madera del ábside de Westminter -- La estructura gótica -- La restauración de las fábricas: principios estructurales -- La rehabilitación del puente de Testón -- Estimación de la resistencia de los arcos de fábrica -- Defectos crónicos en las bóvedas de fábrica: las grietas de Sabouret -- Cálculo de estribos e puentes de fábrica -- Los pilares del crucero del patrón de París -- El octágono de madera de la catedral de Ely -- El problema de Poleni -- El mantenimiento de edificios de fábrica: la contribución del ingeniero -- La aguja de Hemingbrough -- Cómo proyectar una catedral: fragmentos de la historia de la ingeniería -- Torres inclinadas. |
|
| 505 | 0 |
_aVolumen II, _tTeoría, historia y restauración de estructuras de fábrica . _aIntroducción -- La techumbre del dormitorio de los monjes, Durham -- La catedral de gloucester: La bóveda de la cabecera del siglo XIV -- Mecánica de las escaleras de fábrica -- La vibración de los pináculos de fábrica -- El conoide parabólico-cúbico de Hooke -- El análisis de coulom del empuje de los suelos -- La camisa de fuerza de Navier -- Los puentes de madera de Palladio -- La bóveda de abanico de la capilla de Enrique VII, Westminster -- Rosetones -- Truesdell y la historia de la teoría de estructuras -- Wren, hooke y asociados -- La historia de la teoría de estructuras -- Análisis teórico y cálculo en el mundo real -- Un relato peculiar -- Bóvedas de madera -- Hooke y Bedlam -- La plasticidad del hormigón en mesa -- Pilares y columnas góticos -- La curvatura del estilóbato -- La coupe des pierres -- La implantación del cálculo plástico en el Reino Unido -- Matemáticas y proyecto de estructuras -- El arquitecto y el ingeniero -- Análisis de membrana de cáscara delgadas de fábrica -- La cúpulas Wren. |
|
| 526 | _aP203 | ||
| 526 | _aP200 | ||
| 526 | _aSEG65 | ||
| 526 | _aSEG64 | ||
| 526 | _aSEG63 | ||
| 526 | _aSEG62 | ||
| 526 | _aSEG61 | ||
| 526 | _aSEG60 | ||
| 526 | _aSEG59 | ||
| 526 | _aSEG58 | ||
| 526 | _aSEG57 | ||
| 526 | _aSEG56 | ||
| 526 | _aSEG55 | ||
| 526 | _aSEG54 | ||
| 526 | _aSEG53 | ||
| 526 | _aSEG52 | ||
| 526 | _aSEG51 | ||
| 526 | _aSEG50 | ||
| 526 | _aSEG49 | ||
| 526 | _aSEG48 | ||
| 526 | _aSEG47 | ||
| 526 | _aSEG46 | ||
| 526 | _aSEG24 | ||
| 526 | _aSEG23 | ||
| 526 | _aSEG22 | ||
| 526 | _aSEG21 | ||
| 526 | _aSEG20 | ||
| 526 | _aSEG19 | ||
| 526 | _aSEG18 | ||
| 526 | _aSEG17 | ||
| 526 | _aSEG16 | ||
| 526 | _aSEG14 | ||
| 526 | _aSEG13 | ||
| 526 | _aSEG12 | ||
| 526 | _aSEG11 | ||
| 526 | _aSEG10 | ||
| 526 | _aSEG09 | ||
| 526 | _aSEG06 | ||
| 526 | _aSEG05 | ||
| 526 | _aSEG04 | ||
| 526 | _aSEG03 | ||
| 526 | _aSEG02 | ||
| 526 | _aSEG68 | ||
| 526 | _aSEG66 | ||
| 526 | _aSEG45 | ||
| 526 | _aSEG25 | ||
| 526 | _aSEG01 | ||
| 526 | _aP163 | ||
| 526 | _aP162 | ||
| 526 | _aP161 | ||
| 526 | _aP160 | ||
| 526 | _aP159 | ||
| 526 | _aP158 | ||
| 526 | _aP157 | ||
| 526 | _aP156 | ||
| 526 | _aP155 | ||
| 526 | _aP154 | ||
| 526 | _aP153 | ||
| 526 | _aP152 | ||
| 526 | _aP151 | ||
| 526 | _aP150 | ||
| 526 | _aP149 | ||
| 526 | _aP142 | ||
| 526 | _aP141 | ||
| 526 | _aP140 | ||
| 526 | _aP139 | ||
| 526 | _aP138 | ||
| 526 | _aP137 | ||
| 526 | _aP132 | ||
| 526 | _aP131 | ||
| 526 | _aP130 | ||
| 526 | _aP126 | ||
| 526 | _aP125 | ||
| 526 | _aP124 | ||
| 526 | _aP123 | ||
| 526 | _aP115 | ||
| 526 | _aP122 | ||
| 526 | _aP121 | ||
| 526 | _aP116 | ||
| 526 | _a P114 | ||
| 526 | _aP112 | ||
| 526 | _aP111 | ||
| 526 | _aP104 | ||
| 526 | _aP103 | ||
| 526 | _aP102 | ||
| 526 | _aP101 | ||
| 526 | _aP100 | ||
| 526 | _aP96 | ||
| 526 | _aP95 | ||
| 526 | _aP93 | ||
| 526 | _aP92 | ||
| 526 | _aP91 | ||
| 526 | _aP88 | ||
| 526 | _aP83 | ||
| 526 | _aP82 | ||
| 526 | _aP79 | ||
| 526 | _aP78 | ||
| 526 | _aP75 | ||
| 526 | _aP74 | ||
| 526 | _aP71 | ||
| 526 | _aP69 | ||
| 526 | _a P51 | ||
| 526 | _aP49 | ||
| 526 | _aP48 | ||
| 526 | _aP47 | ||
| 526 | _aP33 | ||
| 526 | _aP31 | ||
| 526 | _a P30 | ||
| 526 | _aP29 | ||
| 526 | _aP27 | ||
| 526 | _aP26 | ||
| 526 | _aP25 | ||
| 526 | _aP24 | ||
| 526 | _a P22 | ||
| 526 | _aP10 | ||
| 526 | _aP09 | ||
| 526 | _a P08 | ||
| 526 | _aP06 | ||
| 526 | _aP05 | ||
| 526 | _aP04 | ||
| 526 | _aP01 | ||
| 541 | _g0020-0001185; | ||
| 541 | _g0020-0001185; | ||
| 650 | 0 | 4 | _aArgamasa. |
| 650 | 0 | 4 | _aPiedra. |
| 650 | 0 | 4 | _aLadrillos. |
| 650 | 0 | 4 | _aArmaduras (Construcción). |
| 650 | 0 | 4 | _aEstructuras (Construcción). |
| 700 | 1 |
_aHuerta Fernández, Santiago, _eeditor. |
|
| 910 |
_adbm _bjpc _cjpc _d20190415 |
||
| 910 |
_ajck _bncf _cncf _d20160926 |
||
| 942 |
_2ddc _cBOOK |
||
| 994 |
_aC0 _bPEPRU |
||
| 596 | _a1 | ||
| 999 |
_a624.171 H49 2 _wDEWEY _c12674 _i74832 _f2021-11-9 _g8 _lCCODEBUL1 _mBUL _r0 _sY _tBOOK _u2016-9-27 _xINGENIERIA _PP06 _0COMPRA _o.STAFF. Colección FIA _d12674 |
||
| 999 |
_a624.171 H49 1 _wDEWEY _c1 _i74763 _f2021-11-9 _g3 _lCCODEBUL1 _mBUL _p24.15 _r0 _sY _tBOOK _u2019-4-15 _xINGENIERIA _PP06 _0COMPRA _o.STAFF. Colección Ingeniería y Arquitectura |
||
| 980 |
_81 _gALBERTO SANCHEZ Responsable de Automatización |
||